000 nam a22 7a 4500
999 _c22272
_d22272
008 170123b xxu||||| |||| 00| 0 eng d
020 _a9781586858858
050 _aNA2840.A65 2007
100 _aApplewhite's,Linda
_d2007
245 _aArchitectural Interiors/
_cLinda Applewhite's
260 _aSalt lake city:
_bGibbs Smith Publisher,
_c2007.
300 _a159 P.:
_bill.;
_c27cm.
500 _aincludes bibliographica references.
650 _2Architecture
942 _2lcc
_cBOOKS
_hNA 2840 .A65 2007
_k31641